Antígona ; Electra / (Record no. 130107)
[ view plain ]
| 000 -LEADER | |
|---|---|
| campo de control de longitud fija | 00622nam a2200217 i 4500 |
| 001 - NÚMERO DE CONTROL | |
| campo de control | 130107 |
| 003 - IDENTIFICADOR DE NÚMERO DE CONTROL | |
| campo de control | ES-MaACL |
| 005 - FECHA Y HORA DE LA ÚLTIMA TRANSACCIÓN | |
| campo de control | 20251009173355.0 |
| 007 - CAMPO FIJO DE DESCRIPCIÓN FÍSICA--INFORMACIÓN GENERAL | |
| campo de control de longitud fija | t| |
| 008 - DATOS DE LONGITUD FIJA--INFORMACIÓN GENERAL | |
| campo de control de longitud fija | 070719q19201929sp ||||1| cat d |
| 100 0# - ENTRADA PRINCIPAL--NOMBRE DE PERSONA | |
| Nombre de persona | Sófocles. |
| 9 (RLIN) | 107023 |
| 245 10 - MENCIÓN DEL TÍTULO | |
| Título | Antígona ; Electra / |
| Mención de responsabilidad, etc. | Sófocles ; traducció de Carles Riba. |
| 260 ## - PUBLICACIÓN, DISTRIBUCIÓN, ETC. | |
| Lugar de publicación, distribución, etc. | Barcelona : |
| Nombre del editor, distribuidor, etc. | Editorial Catalana, |
| Fecha de publicación, distribución, etc. | [192-?] |
| 300 ## - DESCRIPCIÓN FÍSICA | |
| Extensión | 173 p. ; |
| Dimensiones | 19 cm. |
| 490 1# - MENCIÓN DE SERIE | |
| Mención de serie | Biblioteca literaria |
| 700 1# - ENTRADA AGREGADA--NOMBRE PERSONAL | |
| Nombre de persona | Riba, Carles, |
| Fechas asociadas al nombre | 1893-1959 |
| 9 (RLIN) | 96698 |
| 740 0# - ENTRADA AGREGADA--TÍTULO RELACIONADO/ANALÍTICO NO CONTROLADO | |
| Título relacionado o analítico no controlado | Electra. |
| 830 0# - PUNTO DE ACCESO ADICIONAL DE SERIE-TÍTULO UNIFORME | |
| Título uniforme | Biblioteca literaria |
| 9 (RLIN) | 183370 |
| 852 ## - LOCALIZACIÓN | |
| Ubicación | ES-MaACL |
| Número de control de estantería | G-7700 |
| Estatus retirado | Estado de pérdida | Estado de daño | No para préstamo | Biblioteca de origen | Biblioteca actual | Ubicación en estantería | Fecha de adquisición | Fuente de adquisición | Total de préstamos | Signatura topográfica completa | Código de barras | Visto por última vez | Precio de reemplazo | Tipo de ítem Koha |
|---|---|---|---|---|---|---|---|---|---|---|---|---|---|---|
| Biblioteca del Ateneo de Madrid | Biblioteca del Ateneo de Madrid | Sala Pecera Planta 3 | 17/01/2008 | G-7700 | 1135475 | 23/02/2023 | 23/02/2023 | Libro impreso |
